| 000 | 00388nam a2200133Ia 4500 | ||
|---|---|---|---|
| 008 | 221224s9999||||xx |||||||||||||| ||und|| | ||
| 082 |
_a242 _bPAN/A |
||
| 100 | _aPandey, Umesh Chandra | ||
| 245 | 0 | _aApastamba Grihya Sutram : Comment Hardatta Mishra & Sudarsanacharya | |
| 250 | _a3rd Edition | ||
| 260 |
_aVaranasi _bChaukhambha Sanskrit Sansthan&c1997 |
||
| 300 | _a384 | ||
| 942 | _cVB | ||
| 999 |
_c38939 _d38939 |
||